Latin America & the Caribbean : (Record no. 175)

MARC details
000 -LEADER
fixed length control field 01324cam a22003374a 4500
001 - CONTROL NUMBER
control field 13033578
005 - DATE AND TIME OF LATEST TRANSACTION
control field 20210414113851.0
008 - FIXED-LENGTH DATA ELEMENTS--GENERAL INFORMATION
fixed length control field 021218s2004 lauab b s001 0 eng
010 ## - LIBRARY OF CONGRESS CONTROL NUMBER
LC control number 2002155766
020 ## - INTERNATIONAL STANDARD BOOK NUMBER
International Standard Book Number 0072521449 (hard copy : alk. paper)
040 ## - CATALOGING SOURCE
Original cataloging agency DLC
Transcribing agency DLC
Modifying agency DLC
042 ## - AUTHENTICATION CODE
Authentication code pcc
043 ## - GEOGRAPHIC AREA CODE
Geographic area code cl-----
-- cc-----
050 00 - LIBRARY OF CONGRESS CALL NUMBER
Classification number F1408.C62
082 00 - DEWEY DECIMAL CLASSIFICATION NUMBER
Classification number 980
Edition number 21
100 1# - MAIN ENTRY--PERSONAL NAME
Personal name Clawson, David L.
Fuller form of name (David Leslie),
Dates associated with a name 1948-
245 10 - TITLE STATEMENT
Title Latin America & the Caribbean :
Remainder of title lands and peoples /
Statement of responsibility, etc. David L. Clawson.
246 3# - VARYING FORM OF TITLE
Title proper/short title Latin America and the Caribbean
250 ## - EDITION STATEMENT
Edition statement 3rd ed.
260 ## - PUBLICATION, DISTRIBUTION, ETC.
Place of publication, distribution, etc. [New Orleans, La.] :
Name of publisher, distributor, etc. University of New Orleans ;
Place of publication, distribution, etc. Boston :
Name of publisher, distributor, etc. McGraw-Hill,
Date of publication, distribution, etc. c2004.
300 ## - PHYSICAL DESCRIPTION
Extent xix, 390 p. :
Other physical details ill., maps ;
Dimensions 28 cm.
504 ## - BIBLIOGRAPHY, ETC. NOTE
Bibliography, etc. note Includes bibliographical references and index.
505 ## - FORMATTED CONTENTS NOTE
Formatted contents note Contents: Physical geography -- Cultural patterns -- Economic patterns.
651 #0 - SUBJECT ADDED ENTRY--GEOGRAPHIC NAME
Geographic name Latin America.
651 #0 - SUBJECT ADDED ENTRY--GEOGRAPHIC NAME
Geographic name Caribbean Area.
856 42 - ELECTRONIC LOCATION AND ACCESS
Materials specified Publisher description
Uniform Resource Identifier <a href="http://www.loc.gov/catdir/description/mh031/2002155766.html">http://www.loc.gov/catdir/description/mh031/2002155766.html</a>
856 41 - ELECTRONIC LOCATION AND ACCESS
Materials specified Table of contents
Uniform Resource Identifier <a href="http://www.loc.gov/catdir/toc/mh031/2002155766.html">http://www.loc.gov/catdir/toc/mh031/2002155766.html</a>
906 ## - LOCAL DATA ELEMENT F, LDF (RLIN)
a 7
b cbc
c orignew
d 1
e ecip
f 20
g y-gencatlg
942 ## - ADDED ENTRY ELEMENTS (KOHA)
Source of classification or shelving scheme Library of Congress Classification
Koha item type Books
Holdings
Withdrawn status Lost status Source of classification or shelving scheme Damaged status Not for loan Home library Current library Shelving location Date acquired Total Checkouts Full call number Barcode Date last seen Price effective from Koha item type
    Library of Congress Classification     WISCONSIN INTERNATIONAL UNIVERSITY COLLEGE, GHANA - MAIN LIBRARY WISCONSIN INTERNATIONAL UNIVERSITY COLLEGE, GHANA - MAIN LIBRARY General Stacks 14/10/2011   F1408.C62 516/11 14/10/2011 14/10/2011 Books

If you have any concerns or questions; kindly contact the library


© Powered by WIUC ICT DIRECTORATE